书目信息 |
| 题名: |
土地房产法律·司法解释·判例小全书
|
|
| 作者: | ;中国法制出版 编 | |
| 分册: | ||
| 出版信息: | 北京 中国法制出版社 2010.04 |
|
| 页数: | 20, 789页 | |
| 开本: | 20cm | |
| 丛书名: | 法律司法解释判例小全书 | |
| 单 册: | ||
| 中图分类: | D922.305 | |
| 科图分类: | ||
| 主题词: | 房地产--fang di chan--法律--法律解释--中国 | |
| 电子资源: | ||
| ISBN: | 978-7-5093-1792-1 | |
| 000 | 01079nam 2200253 450 | |
| 001 | 012011528187 | |
| 005 | 20110226120039.46 | |
| 010 | @a978-7-5093-1792-1@dCNY65.00 | |
| 100 | @a20110226d2010 em y0chiy0120 ea | |
| 101 | 0 | @achi |
| 102 | @aCN@b110000 | |
| 105 | @ay z 000yy | |
| 106 | @ar | |
| 200 | 1 | @a土地房产法律·司法解释·判例小全书@Atu di fang chan fa lu·si fa jie shi·pan li xiao quan shu@f中国法制出版编@Fzhong guo fa zhi chu ban bian |
| 210 | @a北京@c中国法制出版社@d2010.04 | |
| 215 | @a20, 789页@d20cm | |
| 225 | 2 | @a法律司法解释判例小全书@Afa lu si fa jie shi pan li xiao quan shu@v6 |
| 330 | @a本书收录了农村土地承包、土地取得、土地权属、房地产交易等十六个方面所涉及的主要法律、行政法规和司法解释;同时收录了44个典型司法判例,主要涉及土地出让管理、农村土地承包、房地产交易、征地拆迁补偿等方面。 | |
| 410 | 0 | @12001 @a法律司法解释判例小全书 |
| 606 | 0 | @a房地产@Afang di chan@x法律@x法律解释@y中国 |
| 690 | @aD922.305@v4 | |
| 711 | 0 | @a中国法制出版@Azhong guo fa zhi chu ban@4编 |
| 801 | 0 | @aCN@bQSSK@c20110226 |
| 905 | @b791605@dD922.305@eZ494@f1 | |
| 土地房产法律·司法解释·判例小全书/中国法制出版编.-北京:中国法制出版社,2010.04 |
| 20, 789页;20cm.-(法律司法解释判例小全书;6) |
| ISBN 978-7-5093-1792-1:CNY65.00 |
| 本书收录了农村土地承包、土地取得、土地权属、房地产交易等十六个方面所涉及的主要法律、行政法规和司法解释;同时收录了44个典型司法判例,主要涉及土地出让管理、农村土地承包、房地产交易、征地拆迁补偿等方面。 |
| ● |
| 相关链接 |
|
|
|
正题名:土地房产法律·司法解释·判例小全书
索取号:D922.305/Z494
 
预约/预借
| 序号 | 登录号 | 条形码 | 馆藏地/架位号 | 状态 | 备注 |
| 1 | 791605 | 207916059 | 社科库509/509社科库 89排3列5层/ [索取号:D922.305/Z494] | 在馆 |